000 00216nam a22000857a 4500
008 170130b xxu||||| |||| 00| 0 eng d
100 _92630
_aShivsagar Publishing
245 _aExcel Rhymes-B
260 _aNew Delhi
_bSP
_c2010
999 _c5774
_d5774